000 00814cab a2200229 4500
001 WB3046-05
008 090401t1994 xxu||||| |||| 00| 0 eng d
035 _a(Sirsi) u23369
041 _aeng
245 _aDolphin case set for Lords
260 _c1994
350 _a0
490 _aContract Journal
_v3761(6003) 1 December 1994, 12(1)
520 _aWiltshier Northern seeks leave to appeal to the House of Lords against the CA decision in Darlington BC`s claim against W for alleged defects to the town`s Dolphin Centre. Raises the privity of contract issue.
650 _aASSIGNMENT
650 _aBUILT ENVIRONMENT-BUILDING CONTRACT FORMS
650 _aBUILDING DEFECTS
650 _aPRIVITY OF CONTRACT
690 _aBUILT ENVIRONMENT-BUILDING CONTRACT FORMS
942 _n0
948 _c04/03/1997
999 _c15623
_d15623